000 00536nam a2200181Ia 4500
999 _c27712
_d27712
003 OSt
005 20201208105624.0
008 190216s9999||||xx |||||||||||||| ||und||
020 _a8124005265
040 _coclc
082 _a894.812
_bKUR/A
100 _aKumblakuzhy, Kurias
_97283
245 0 _aAthirukalillathe Asan Kavitha /
_cKurias Kumblakuzhy
260 _bDc Books,
_aKottayam:
_c1997.
300 _a184p
650 _aMalayalam Criticism-Padanam
942 _cBK
_2ddc
_h894.812
_iKUM/A
_k894.812
_mKUM/A